Diseño conceptual de un proceso a escala piloto para la producción de 1,2-propanodiol a partir de glicerina cruda obtenida como subproducto en la elaboración de biodiesel
Gardado en:
| Autor Principal: | |
|---|---|
| Outros autores: | |
| Formato: | Libro |
| Idioma: | Spanish |
| Publicado: |
San José, Costa Rica
2021
|
| Materias: | |
| Etiquetas: |
Engadir etiqueta
Sen Etiquetas, Sexa o primeiro en etiquetar este rexistro!
|
MARC
| LEADER | 00000nam a2200000Ia 4500 | ||
|---|---|---|---|
| 003 | 013348 | ||
| 005 | 20230327112547.0 | ||
| 008 | 140116s2021 cr a 000 ||spa d | ||
| 040 | |c cru CEDI | ||
| 100 | |a Corrales Aguilera, Pablo Josué, 1996- |9 61 | ||
| 245 | |a Diseño conceptual de un proceso a escala piloto para la producción de 1,2-propanodiol a partir de glicerina cruda obtenida como subproducto en la elaboración de biodiesel | ||
| 260 | |a San José, Costa Rica |c 2021 | ||
| 500 | |a Proyecto de graduación (licenciatura en ingeniería química)--Universidad de Costa Rica. Facultad de Ingeniería. Escuela de Ingeniería Química | ||
| 501 | |a Director de Proyecto de Graduación: Ing. Rodolfo Hernández Chaverri, M.Eng. | ||
| 650 | |x HIDROGENOLISIS |x PROPILENGLICOL - PRODUCCION |x PROPILENGLICOL |x GLICERINA |x COMBUSTIBLES BIODIESEL |x COMBUSTIBLES BIODIESEL - PRODUCCION - COSTA RICA | ||
| 700 | |9 62 |a Hernández Chaverri, Rodolfo Antonio, 1975- |d Director del TFG | ||
| 942 | |c CEDI |h TFG 8499 |6 TFG_8499_000000000000000 | ||
| 999 | |c 21850 |d 21850 | ||
